| 000 | 00533cam a2200193ua 4500 | ||
|---|---|---|---|
| 001 | 2852 | ||
| 008 | 160630n1986 II |||gr||||Z||||||asm | ||
| 040 | _aMAIN | ||
| 041 | _aEnglish | ||
| 082 | _a530 PAT | ||
| 100 | _aPATHOK, KISHORI MOHAN. | ||
| 245 | _aASOM UCHATAR MADHYAMIK MAHALAR PADARTHA BIGYAN (P-II) | ||
| 260 |
_aGUWAHATI _bGAUHATI UNIVERSITY COORDINATION COMMITTEE _c1986 |
||
| 300 |
_a431.: _c24CM. |
||
| 653 | _aPhysics | ||
| 700 |
_aPATHOK, KISHORI MOHAN., _eAuthor. |
||
| 700 | _aDEVAGOSWAMI, TRILUSAN. | ||
| 942 | _cBK | ||
| 999 |
_c2846 _d2846 |
||